Welcome to the Holygrace Academy Library

Please use search bar below to get started

ARE WE NEARLY THERE (Record no. 2367)

MARC details
000 -LEADER
fixed length control field 00264nam a22001217a 4500
020 ## - INTERNATIONAL STANDARD BOOK NUMBER
ISBN 0-7214-1943-7
082 ## - DEWEY DECIMAL CLASSIFICATION NUMBER
Classification number 823
Item number STI/A
100 ## - MAIN ENTRY--AUTHOR NAME
Personal name STIMSON JOAN
245 ## - TITLE STATEMENT
Title ARE WE NEARLY THERE
260 ## - PUBLICATION, DISTRIBUTION, ETC. (IMPRINT)
Place of publication UK
Name of publisher LADY BIRD
650 ## - SUBJECT ADDED ENTRY--TOPICAL TERM
Topical Term ENGLISH SHORT STORY
Geographic subdivision UK
942 ## - ADDED ENTRY ELEMENTS (KOHA)
Koha item type Books
Holdings
Withdrawn status Lost status Collection code Home library Current library Shelving location Date acquired Source of acquisition Full call number Accession Number Koha item type
    Fiction Main Library Main Library SHELF 3- C- LADY BIRD STORY BOOKS 18/03/2015 PURCHASE 823 STI/A 09178 Books
    Fiction Main Library Main Library SHELF 3- C- LADY BIRD STORY BOOKS 17/05/2014 PURCHASE 823 STI/A 09072 Books